[Event "Penang op-A 5th"]
[Site "Penang"]
[Date "2013.12.12"]
[Round "7"]
[White "Ding, Tze How Dilwen"]
[Black "Lee, Kah Meng Elgin"]
[Result "0-1"]
[WhiteElo "1781"]
[BlackElo "2034"]
[PlyCount "110"]
[EventDate "2013.12.09"]
[EventType "swiss"]
[EventRounds "9"]
[EventCountry "MAS"]
[SourceTitle "CBM 157 Extra"]
[Source "ChessBase"]
[SourceDate "2013.12.19"]
[SourceVersion "1"]
[SourceVersionDate "2013.12.19"]
[SourceQuality "1"]

1. e4 Nf6 2. e5 Nd5 3. d4 d6 4. Nf3 Nb6 5. c4 g6 6. exd6 cxd6 7. Nc3 Bg7 8. Be2 0-0 9. 0-0 Nc6 10. Be3 Bg4 11. b3 e6 12. Rc1 d5 13. c5 Nc8 14. a3 N8e7 15. h3 Bxf3 16. Bxf3 Nf5 17. Ne2 Qf6 18. b4 Rfc8 19. Bg4 Nfxd4 20. Nxd4 Nxd4 21. Bxd4 Qxd4 22. Qa4 Qf4 23. Qb5 Rc7 24. a4 a5 25. bxa5 Qd2 26. a6 Rxa6 27. c6 Raxc6 28. Rxc6 Rxc6 29. Qxb7 Rc2 30. Bd1 Rc1 31. Qb3 Bd4 32. Qf3 h6 33. Qe2 Qc3 34. Qa2 Bb6 35. Qb3 Qa1 36. Be2 Rxf1+ 37. Bxf1 Qd4 38. Qa2 e5 39. a5 Ba7 40. a6 e4 41. Qe2 f5 42. g3 g5 43. Kg2 Kh7 44. Qc2 Qb6 45. Qd2 h5 46. h4 gxh4 47. gxh4 Qg6+ 48. Qg5 Qxg5+ 49. hxg5 f4 50. Bb5 Kg6 51. Bc6 Kxg5 52. Bxd5 Kf5 53. Kh3 Bxf2 54. Bb7 Ke5 55. Bc6 f3 0-1

[Event "Kuala Lumpur op 10th"]
[Site "Kuala Lumpur"]
[Date "2013.08.10"]
[Round "1"]
[White "Lee, Kah Meng Elgin"]
[Black "Dableo, Ronald"]
[Result "0-1"]
[WhiteElo "2034"]
[BlackElo "2417"]
[PlyCount "132"]
[EventDate "2013.08.10"]
[EventType "swiss"]
[EventRounds "9"]
[EventCountry "MAS"]
[SourceTitle "CBM 156 Extra"]
[Source "ChessBase"]
[SourceDate "2013.10.22"]
[SourceVersion "1"]
[SourceVersionDate "2013.10.22"]
[SourceQuality "1"]

1. d4 Nf6 2. c4 g6 3. Nc3 Bg7 4. e4 d6 5. Be2 c6 6. Be3 a6 7. g4 b5 8. g5 Nfd7 9. Qd2 Nb6 10. cxb5 axb5 11. h4 Nc4 12. Bxc4 bxc4 13. Nge2 Na6 14. f4 d5 15. Ng3 Nb4 16. 0-0 dxe4 17. Ncxe4 Nd5 18. Bf2 0-0 19. Rfc1 Qc7 20. Ne2 Bf5 21. Nc5 Bg4 22. Rxc4 Bxe2 23. Qxe2 Nxf4 24. Qg4 Rfb8 25. b3 Nh5 26. a4 Rd8 27. Rac1 Qb8 28. b4 Ra7 29. a5 e5 30. Ne4 exd4 31. Rxc6 Qxb4 32. Rc8 Rxc8 33. Qxc8+ Bf8 34. Qd8 Qxa5 35. Qxa5 Rxa5 36. Bxd4 Ra8 37. Kf2 Be7 38. Rc7 Kf8 39. Kf3 Ke8 40. Rb7 Ra3+ 41. Kf2 Rh3 42. Rb8+ Kd7 43. Rb7+ Ke6 44. Bc5 Bd8 45. Be3 Be7 46. Bc5 Bxc5+ 47. Nxc5+ Kd5 48. Nd7 Rxh4 49. Nf8 Rf4+ 50. Ke3 Rf1 51. Nxh7 Ke5 52. Rb5+ Ke6 53. Nf8+ Ke7 54. Nh7 Nf4 55. Rb7+ Kd6 56. Rb6+ Kc5 57. Rb8 Ne6 58. Rb7 Kc6 59. Ra7 Nc7 60. Ra2 Rh1 61. Nf6 Ne6 62. Ne4 Rh3+ 63. Ke2 Rh2+ 64. Nf2 Nxg5 65. Ra7 Kd6 66. Kf1 Rh4 0-1

[Event "Wch U18"]
[Site "Maribor"]
[Date "2012.11.16"]
[Round "9.35"]
[White "Lee, Kah Meng Elgin"]
[Black "Torres Rosas, Luis Carlos"]
[Result "0-1"]
[WhiteElo "2078"]
[BlackElo "2243"]
[PlyCount "136"]
[EventDate "2012.11.08"]
[EventType "swiss"]
[EventRounds "11"]
[EventCountry "SLO"]
[SourceTitle "EXT 2013"]
[Source "ChessBase"]
[SourceDate "2012.11.22"]
[SourceVersion "1"]
[SourceVersionDate "2012.11.22"]
[SourceQuality "1"]

1. d4 Nf6 2. c4 g6 3. Nc3 Bg7 4. e4 d6 5. Be2 0-0 6. Be3 e5 7. d5 Nbd7 8. g4 Nc5 9. f3 a5 10. Nh3 Nh5 11. Kd2 Bf6 12. Qf1 Ng7 13. Kc2 Bh4 14. Qg2 Bd7 15. Nf2 f6 16. Rad1 Qe7 17. Nd3 Nxd3 18. Bxd3 Kh8 19. Rhg1 Rf7 20. Bh6 Bg5 21. Bxg5 fxg5 22. Be2 Ne8 23. Qf2 a4 24. Qe3 c5 25. a3 Nc7 26. Kb1 Rff8 27. Ka2 Rfb8 28. Nb5 Nxb5 29. cxb5 b6 30. Rb1 Ra5 31. b4 axb3+ 32. Rxb3 Ra4 33. Rc1 Rba8 34. Rc4 R4a5 35. Rc1 Qf6 36. Kb2 Kg7 37. Rcc3 h6 38. Rc1 Qe7 39. Bc4 Ra4 40. Rc2 R8a5 41. Rc1 Qe8 42. Qd3 Qf8 43. Qe3 Qf4 44. Qxf4 exf4 45. Rc2 Kf6 46. Rc1 Ke5 47. h3 h5 48. Rc2 hxg4 49. hxg4 Ra8 50. Rbc3 R4a5 51. Rh2 Bxb5 52. Rh7 Bxc4 53. Rxc4 R8a7 54. Rh6 b5 55. Rc3 Kd4 56. Rxg6 b4 57. Rb3 Rxa3 58. Rxa3 Rxa3 59. Rxd6 Rxf3 60. Re6 c4 61. d6 Rf2+ 62. Kc1 Kc3 63. Kd1 b3 64. d7 Rd2+ 65. Ke1 Rxd7 66. e5 b2 67. Rb6 Kc2 68. e6 Re7 0-1

[Event "Wch U18"]
[Site "Maribor"]
[Date "2012.11.08"]
[Round "1.20"]
[White "Lee, Kah Meng Elgin"]
[Black "Nagy, Gabor"]
[Result "0-1"]
[WhiteElo "2078"]
[BlackElo "2408"]
[PlyCount "88"]
[EventDate "2012.11.08"]
[EventType "swiss"]
[EventRounds "11"]
[EventCountry "SLO"]
[SourceTitle "EXT 2013"]
[Source "ChessBase"]
[SourceDate "2012.11.22"]
[SourceVersion "1"]
[SourceVersionDate "2012.11.22"]
[SourceQuality "1"]

1. d4 Nf6 2. c4 e6 3. Nc3 Bb4 4. Bg5 c5 5. d5 exd5 6. cxd5 0-0 7. e3 h6 8. Bh4 d6 9. Rc1 a6 10. Bd3 Bxc3+ 11. bxc3 b5 12. Ne2 Nbd7 13. 0-0 Re8 14. c4 bxc4 15. Bxc4 Ne5 16. Bd3 Bd7 17. Nc3 Ng6 18. Bg3 Qe7 19. Qe2 h5 20. h3 h4 21. Bh2 a5 22. Rfd1 Ne5 23. Bb5 a4 24. Rb1 Bxb5 25. Rxb5 Qd7 26. Rdb1 Qf5 27. e4 Qg6 28. f4 Ned7 29. f5 Qh6 30. Rf1 Nh5 31. Rb7 Ne5 32. Rb6 Rad8 33. Nb5 Rb8 34. Rxd6 Qg5 35. Nc3 Ng3 36. Bxg3 Qxg3 37. Nxa4 Nf3+ 38. Qxf3 Qxd6 39. Rc1 c4 40. Nc3 Rb2 41. Qg4 Qh6 42. Rf1 Qe3+ 43. Kh1 Qxc3 44. f6 Qg3 0-1

[Event "Los Angeles Metropolitan 22nd"]
[Site "Los Angeles"]
[Date "2012.08.18"]
[Round "8"]
[White "Brown, Michael William"]
[Black "Lee, Kah Meng Elgin"]
[Result "1-0"]
[WhiteElo "2247"]
[BlackElo "2129"]
[PlyCount "83"]
[EventDate "2012.08.14"]
[EventType "swiss"]
[EventRounds "9"]
[EventCountry "USA"]
[SourceTitle "CBM 150 Extra"]
[Source "ChessBase"]
[SourceDate "2012.10.19"]
[SourceVersion "1"]
[SourceVersionDate "2012.10.19"]
[SourceQuality "1"]

1. d4 d5 2. c4 c6 3. cxd5 cxd5 4. Nf3 Nf6 5. Nc3 Nc6 6. Bf4 a6 7. Rc1 e6 8. e3 Be7 9. Bd3 0-0 10. 0-0 Nh5 11. Be5 f6 12. Bg3 Nxg3 13. hxg3 f5 14. Ne2 Bd6 15. Nd2 g5 16. f4 Rf7 17. Nf3 g4 18. Ne5 Rc7 19. Kf2 Nxe5 20. fxe5 Be7 21. Qb3 Rc6 22. a3 Bd7 23. Nf4 Bg5 24. Rxc6 bxc6 25. Rc1 Rb8 26. Qc3 a5 27. Bc2 Qb6 28. Nd3 Be7 29. Ba4 Rb7 30. Bxc6 Rc7 31. Bxd7 Rxc3 32. Rxc3 Kg7 33. Ba4 Qb8 34. Rc2 h5 35. Nf4 h4 36. gxh4 g3+ 37. Kxg3 Kf7 38. Bd7 Bxh4+ 39. Kf3 Qb3 40. Bxe6+ Kg7 41. Bxf5 Qb7 42. Rc7+ 1-0

[Event "Los Angeles Metropolitan 22nd"]
[Site "Los Angeles"]
[Date "2012.08.17"]
[Round "6"]
[White "Lee, Kah Meng Elgin"]
[Black "Jayakumar, Adarsh"]
[Result "1-0"]
[WhiteElo "2129"]
[BlackElo "2292"]
[PlyCount "57"]
[EventDate "2012.08.14"]
[EventType "swiss"]
[EventRounds "9"]
[EventCountry "USA"]
[SourceTitle "CBM 150 Extra"]
[Source "ChessBase"]
[SourceDate "2012.10.19"]
[SourceVersion "1"]
[SourceVersionDate "2012.10.19"]
[SourceQuality "1"]

1. e4 c5 2. Nf3 d6 3. d4 cxd4 4. Nxd4 Nf6 5. Nc3 a6 6. Bc4 e6 7. Bb3 Nbd7 8. Bg5 Nc5 9. f4 Be7 10. Qf3 Qc7 11. f5 0-0 12. 0-0 b5 13. a3 Nxb3 14. cxb3 Bd7 15. Kh1 Qb7 16. Rad1 b4 17. axb4 Qxb4 18. e5 dxe5 19. Nc2 Qb6 20. Rxd7 Nxd7 21. Bxe7 Rfe8 22. f6 Qxb3 23. Ne3 Qxb2 24. Ng4 Qd2 25. Ne4 Qf4 26. Qe2 Qf5 27. Rxf5 exf5 28. Nd6 Reb8 29. h3 1-0

[Event "Los Angeles Metropolitan 22nd"]
[Site "Los Angeles"]
[Date "2012.08.16"]
[Round "4"]
[White "Aldama Degurnay, Dionisio"]
[Black "Lee, Kah Meng Elgin"]
[Result "1-0"]
[WhiteElo "2425"]
[BlackElo "2129"]
[PlyCount "71"]
[EventDate "2012.08.14"]
[EventType "swiss"]
[EventRounds "9"]
[EventCountry "USA"]
[SourceTitle "CBM 150 Extra"]
[Source "ChessBase"]
[SourceDate "2012.10.19"]
[SourceVersion "1"]
[SourceVersionDate "2012.10.19"]
[SourceQuality "1"]

1. e4 e5 2. Nf3 Nf6 3. d4 Nxe4 4. Bd3 d5 5. Nxe5 Nd7 6. Nxd7 Bxd7 7. 0-0 Bd6 8. c4 c6 9. Nc3 Nxc3 10. bxc3 0-0 11. Qh5 g6 12. Qf3 Re8 13. Rb1 b6 14. cxd5 cxd5 15. Bd2 Be6 16. g3 a6 17. a4 Bc7 18. h4 Qd7 19. Bh6 f5 20. Bf4 Bd8 21. Rfe1 Qc6 22. h5 Kf7 23. hxg6+ hxg6 24. Qh1 Rg8 25. Be5 Bf6 26. Bxf6 Kxf6 27. Re3 Rh8 28. Qf3 Bd7 29. c4 Rab8 30. cxd5 Qd6 31. Bxa6 Rh7 32. Rbe1 Qc7 33. Bf1 f4 34. Re5 g5 35. Bd3 Rg7 36. Qh5 1-0

[Event "Los Angeles Metropolitan 22nd"]
[Site "Los Angeles"]
[Date "2012.08.16"]
[Round "5"]
[White "Lee, Kah Meng Elgin"]
[Black "Hills, Kenneth"]
[Result "1-0"]
[WhiteElo "2129"]
[BlackElo "2100"]
[PlyCount "91"]
[EventDate "2012.08.14"]
[EventType "swiss"]
[EventRounds "9"]
[EventCountry "USA"]
[SourceTitle "CBM 150 Extra"]
[Source "ChessBase"]
[SourceDate "2012.10.19"]
[SourceVersion "1"]
[SourceVersionDate "2012.10.19"]
[SourceQuality "1"]

1. e4 c5 2. Nf3 g6 3. c4 Nc6 4. d4 cxd4 5. Nxd4 Nf6 6. Nc3 d6 7. f3 Nxd4 8. Qxd4 Bg7 9. Be3 0-0 10. Qd2 a5 11. Be2 a4 12. 0-0 Qa5 13. Rab1 Bd7 14. Rfd1 Bc6 15. Qe1 Nd7 16. Rdc1 f5 17. Nd5 Qxe1+ 18. Rxe1 Bxd5 19. exd5 f4 20. Bf2 Be5 21. g3 g5 22. g4 Nc5 23. Kg2 Ra6 24. h4 h6 25. hxg5 hxg5 26. Bxc5 dxc5 27. Bd3 Bf6 28. Bf5 Rb6 29. Bd7 Ra8 30. Bb5 Kf7 31. Re2 Bd4 32. Rh1 Rh8 33. Rh5 Rxh5 34. gxh5 Rh6 35. Bxa4 Be3 36. Bd7 Rxh5 37. a3 Rh8 38. b4 Ra8 39. bxc5 Bxc5 40. a4 b6 41. Kh3 Be3 42. Kg4 Rd8 43. Be6+ Kf6 44. Rh2 Rd6 45. Rh7 Rxe6 46. Rh6+ 1-0

[Event "Budapest FS08 FM-A1"]
[Site "Budapest"]
[Date "2012.08.13"]
[Round "10"]
[White "Lee, Kah Meng Elgin"]
[Black "Capitelli, Paolo"]
[Result "0-1"]
[WhiteElo "2000"]
[BlackElo "2087"]
[PlyCount "62"]
[EventDate "2012.08.04"]
[EventType "tourn"]
[EventRounds "11"]
[EventCountry "HUN"]
[SourceTitle "CBM 149 Extra"]
[Source "ChessBase"]
[SourceDate "2012.08.24"]
[SourceVersion "1"]
[SourceVersionDate "2012.08.24"]
[SourceQuality "1"]

1. d4 Nf6 2. c4 g6 3. Nc3 Bg7 4. e4 d6 5. Be2 0-0 6. Be3 e5 7. d5 Nbd7 8. g4 b6 9. f3 h5 10. Nh3 hxg4 11. fxg4 Nh7 12. Nf2 Nc5 13. b4 Nb7 14. Qd2 a5 15. b5 f5 16. gxf5 gxf5 17. Bh6 Qh4 18. Rg1 Rf7 19. 0-0-0 f4 20. Bxg7 Rxg7 21. Rxg7+ Kxg7 22. Rg1+ Kh8 23. Qe1 Nc5 24. Qf1 f3 25. Bxf3 Qf4+ 26. Kc2 Qxf3 27. Rg3 Qf7 28. Qg2 Bd7 29. Ng4 Bxg4 30. Rxg4 Rf8 31. Qh3 Qf2+ 0-1

[Event "Budapest FS08 FM-A1"]
[Site "Budapest"]
[Date "2012.08.11"]
[Round "8"]
[White "Lee, Kah Meng Elgin"]
[Black "Krstulovic, Alex"]
[Result "1-0"]
[WhiteElo "2000"]
[BlackElo "1836"]
[PlyCount "49"]
[EventDate "2012.08.04"]
[EventType "tourn"]
[EventRounds "11"]
[EventCountry "HUN"]
[SourceTitle "CBM 149 Extra"]
[Source "ChessBase"]
[SourceDate "2012.08.24"]
[SourceVersion "1"]
[SourceVersionDate "2012.08.24"]
[SourceQuality "1"]

1. d4 Nf6 2. c4 e6 3. Nc3 Bb4 4. Bg5 c5 5. d5 h6 6. Bh4 b5 7. e3 Qa5 8. Bxf6 gxf6 9. Qc2 Bb7 10. Rd1 Rg8 11. Nf3 bxc4 12. Bxc4 Rg7 13. 0-0 Na6 14. Ne4 Qb6 15. Nxf6+ Ke7 16. Nh5 Rg4 17. h3 Rg6 18. Ne5 Rg5 19. Qh7 Rf8 20. f4 Rxh5 21. Ng6+ Ke8 22. Nxf8 Qd6 23. dxe6 Qxf8 24. exf7+ Ke7 25. Qg6 1-0

[Event "Asia-ch U18"]
[Site "Hikkaduwa"]
[Date "2012.06.26"]
[Round "2.6"]
[White "Lee, Kah Meng Elgin"]
[Black "Navalgund, Niranjan"]
[Result "0-1"]
[WhiteElo "2010"]
[BlackElo "2192"]
[PlyCount "100"]
[EventDate "2012.06.26"]
[EventType "swiss"]
[EventRounds "9"]
[EventCountry "SRI"]
[SourceTitle "EXT 2024"]
[Source "ChessBase"]
[SourceDate "2023.10.10"]
[SourceVersion "1"]
[SourceVersionDate "2023.10.10"]
[SourceQuality "1"]

1. d4 Nf6 2. c4 Nc6 3. Nf3 e6 4. Nc3 Bb4 5. Bg5 h6 6. Bh4 g5 7. Bg3 Ne4 8. Qd3 Nxg3 9. hxg3 Bf8 10. e3 Bg7 11. Qd2 Qe7 12. Bd3 d6 13. a3 a5 14. Qc2 Bd7 15. Nd2 Rf8 16. g4 Qd8 17. 0-0-0 Qe7 18. Rde1 0-0-0 19. g3 f5 20. gxf5 exf5 21. Nd5 Qf7 22. f4 Ne7 23. fxg5 hxg5 24. Nxe7+ Qxe7 25. Rhf1 Qe6 26. Nb1 Rf7 27. Nc3 Rh8 28. Nd5 Kb8 29. Re2 Rh3 30. Ref2 f4 31. gxf4 gxf4 32. Rxf4 Rxf4 33. Rxf4 c6 34. Bf5 Rh1+ 35. Kd2 Rh2+ 36. Kd1 Qh6 37. Qd3 Bxf5 38. Rxf5 cxd5 39. Rxd5 Rxb2 40. Qe4 Qh8 41. Rxa5 Qh1+ 42. Qxh1 Rb1+ 43. Ke2 Rxh1 44. Rd5 Kc7 45. c5 dxc5 46. Rxc5+ Kb6 47. Rc3 Ra1 48. Rb3+ Ka6 49. d5 Bf8 50. e4 Rxa3 0-1

[Event "Wch U14"]
[Site "Kemer"]
[Date "2009.11.12"]
[Round "1"]
[White "Lee, Kah Meng Elgin"]
[Black "Sahoo, Utkal Ranjan"]
[Result "0-1"]
[WhiteElo "1861"]
[BlackElo "2219"]
[PlyCount "74"]
[EventDate "2009.11.12"]
[EventType "swiss"]
[EventRounds "11"]
[EventCountry "TUR"]
[SourceTitle "EXT 2010"]
[Source "ChessBase"]
[SourceDate "2010.11.25"]
[SourceVersion "1"]
[SourceVersionDate "2010.11.25"]
[SourceQuality "1"]

1. d4 d5 2. c4 c6 3. Nc3 Nf6 4. Nf3 a6 5. a4 e6 6. e3 Be7 7. Bd3 a5 8. 0-0 Na6 9. Qe2 Nb4 10. Rd1 0-0 11. e4 Nxd3 12. Qxd3 dxc4 13. Qxc4 b6 14. Bg5 Ba6 15. Qb3 Rc8 16. e5 Nd5 17. Bxe7 Nxe7 18. Ne4 Rb8 19. Rac1 Qd7 20. Nfg5 h6 21. Nf6+ gxf6 22. Ne4 Nd5 23. exf6 Qc7 24. g3 Be2 25. Re1 Bh5 26. Qc2 Bg6 27. Qd2 Kh7 28. h4 Qd8 29. h5 Bxe4 30. Rxe4 Qxf6 31. Qd3 Kh8 32. Rxc6 Rbc8 33. Qc4 Rxc6 34. Qxc6 Rg8 35. Re5 Qf3 36. Qc1 Nf4 37. Re3 Qg2# 0-1

[Event "Wch U12"]
[Site "Vung Tau"]
[Date "2008.10.23"]
[Round "5"]
[White "Ostrovskiy, Aleksandr A"]
[Black "Lee, Kah Meng Elgin"]
[Result "1/2-1/2"]
[WhiteElo "2113"]
[BlackElo "1811"]
[PlyCount "69"]
[EventDate "2008.10.20"]
[EventType "swiss"]
[EventRounds "11"]
[EventCountry "VIE"]
[SourceTitle "EXT 2009"]
[Source "ChessBase"]
[SourceDate "2008.11.26"]
[SourceVersion "1"]
[SourceVersionDate "2008.11.26"]
[SourceQuality "1"]

1. e4 c6 2. d4 d5 3. exd5 cxd5 4. c4 Nf6 5. Nc3 Nc6 6. Nf3 Bg4 7. cxd5 Nxd5 8. Qb3 Bxf3 9. gxf3 Nb6 10. d5 Nd4 11. Qd1 Nf5 12. Bb5+ Nd7 13. Qd3 g6 14. Ne4 a6 15. Bxd7+ Qxd7 16. Bf4 Rd8 17. d6 Rc8 18. Be5 Bg7 19. Bxg7 Nxg7 20. Qa3 f5 21. Nc5 Qxd6 22. Nxb7 Qxa3 23. bxa3 Kf7 24. 0-0 Rc7 25. Na5 Rhc8 26. Nb3 Ne6 27. Kg2 Nf4+ 28. Kg3 Ne2+ 29. Kg2 Rc2 30. Rfd1 R8c4 31. Rd7 Rb2 32. Kf1 Rcc2 33. Re1 Kf6 34. Na1 Rc1 35. Nb3 1/2-1/2